Pattern recognition /

Dades bibliogràfiques
Autor principal: Theodoridis, Sergios, 1951-
Altres autors: Koutroumbas, Konstantinos, 1967-
Format: Llibre
Idioma:English
Publicat: Amsterdam ; London : Elsevier/Academic Press, c2006.
Edició:Fourth edition.
Matèries:
Classic Catalogue: View this record in Classic Catalogue
LEADER 02345nam a22003854a 4500
001 45385
003 BD-DhAAL
005 20260225104503.0
008 260225t2009 enka b 001 0 eng
010 |a  2007279784 
020 |a 9781597492720 
020 |a 0123695317 
020 |a 9780123695314 
035 |a 14983609 
040 |a DLC  |c DLC  |d DLC  |d BD-DhAAL 
050 0 0 |a TK7882.P3  |b T46 2006 
082 0 |a 006.4  |2 22 
100 1 |a Theodoridis, Sergios,  |d 1951-  |9 60319 
245 1 0 |a Pattern recognition /  |c Sergios Theodoridis, Konstantinos Koutroumbas. 
250 |a Fourth edition. 
260 |a Amsterdam ;  |a London :  |b Elsevier/Academic Press,  |c c2006. 
300 |a xvii, 981 pages :  |b illustrations ;  |c 24 cm 
500 |a Previous ed.: Amsterdam: Academic, 2003. 
504 |a Includes bibliographical references and index. 
526 |a CSE  |x Annajiat Alim Rasel Senior Lecturer Department of Computer Science and Engineering BRAC University Course Name and No. :- Distributed Computing Systems (CSE 707) 
541 |a Hye Trade International  |e 45385, 45386, 45387 
650 0 |a Pattern recognition systems. 
650 0 |a Pattern perception.  |9 59278 
650 0 |a Computer science. 
700 1 |a Koutroumbas, Konstantinos,  |d 1967-  |9 60320 
942 |2 ddc  |c BK 
999 |c 47447  |d 47447 
952 |0 0  |1 0  |2 ddc  |4 0  |6 006_400000000000000_THE  |7 0  |9 78814  |a BRACUL  |b BRACUL  |c NEW  |d 2026-02-19  |e Hye Trade International  |g 9275.00  |l 0  |o 006.4 THE  |p 3010045385  |r 2026-02-19  |t 1  |v 18550.00  |w 2026-02-19  |y BK  |x Requisitioned by Annajiat Alim Rasel (Senior Lecturer, Department of CSE, BRAC University) for the course named - Distributed Computing Systems (CSE 707) 
952 |0 0  |1 0  |2 ddc  |4 0  |6 006_400000000000000_THE  |7 0  |9 78815  |a BRACUL  |b BRACUL  |c GEN  |d 2026-02-19  |e Hye Trade International  |g 9275.00  |l 0  |o 006.4 THE  |p 3010045386  |r 2026-02-19  |t 2  |v 18550.00  |w 2026-02-19  |y BK  |x Requisitioned by Annajiat Alim Rasel (Senior Lecturer, Department of CSE, BRAC University) for the course named - Distributed Computing Systems (CSE 707) 
952 |0 0  |1 0  |2 ddc  |4 0  |6 006_400000000000000_THE  |7 0  |9 78816  |a BRACUL  |b BRACUL  |c GEN  |d 2026-02-19  |e Hye Trade International  |g 9275.00  |l 0  |o 006.4 THE  |p 3010045387  |r 2026-02-19  |t 3  |v 18550.00  |w 2026-02-19  |y BK  |x Requisitioned by Annajiat Alim Rasel (Senior Lecturer, Department of CSE, BRAC University) for the course named - Distributed Computing Systems (CSE 707)